[Event "World Youth U-16 Olympiad 2018"]
[Site "Konya"]
[Date "2018.12.01"]
[Round "8"]
[White "Juhasz, Agoston"]
[Black "Chua, Jia-Tien"]
[Result "1-0"]
[WhiteElo "2106"]
[BlackElo "1741"]
[Annotator "NA"]
[PlyCount "121"]
[EventDate "2018.11.25"]
[EventType "team-tourn"]
[EventCountry "TUR"]
[SourceTitle "playchess.com"]
[Source "ChessBase"]
[SourceQuality "1"]
[WhiteTeam "Hungary"]
[BlackTeam "Malaysia"]
[WhiteTeamCountry "HUN"]
[BlackTeamCountry "MAS"]

1. e4 c5 2. Nf3 d6 3. Bb5+ Bd7 4. Bxd7+ Nxd7 5. O-O Ngf6 6. Qe2 Qc7 7. c3 g6 8. d4 cxd4 9. cxd4 e5 10. Nc3 Bg7 11. Nb5 Qb8 12. Rd1 O-O 13. Nxd6 exd4 14. Nb5 a6 15. Nbxd4 Re8 16. Nd2 Nc5 17. f3 Ng4 18. Nf1 Qa7 19. Be3 Nxe3 20. Qxe3 Na4 21. Rab1 Rad8 22. Ne2 Qxe3+ 23. Nxe3 Nxb2 24. Rxd8 Rxd8 25. Nd5 b5 26. Kf2 Kf8 27. f4 Nc4 28. Rd1 Bb2 29. g4 h6 30. h4 a5 31. g5 hxg5 32. hxg5 b4 33. f5 Nd6 34. Ng3 Be5 35. f6 Bxg3+ 36. Kxg3 Nxe4+ 37. Kf4 Nc5 38. Rh1 Ke8 39. Rh8+ Kd7 40. Rh7 Ne6+ 41. Kg4 Rf8 42. Nb6+ Kc6 43. Nc4 Kb5 44. Nd6+ Kc5 45. Nxf7 Kd5 46. Nh8 a4 47. Nxg6 Rb8 48. Ne7+ Kc5 49. Kf5 Nd4+ 50. Kg6 b3 51. axb3 axb3 52. Rh1 b2 53. Rb1 Kc4 54. Nf5 Ne6 55. Ne3+ Kd3 56. Nd1 Rb5 57. f7 Nf8+ 58. Kg7 Ne6+ 59. Kf6 Nf8 60. Rxb2 Rc5 61. Rb8 1-0

[Event "World Youth U-16 Olympiad 2018"]
[Site "Konya"]
[Date "2018.12.01"]
[Round "8"]
[White "Easwaralingam, Adesh"]
[Black "Cui, Leonardo"]
[Result "1-0"]
[WhiteElo "2103"]
[BlackElo "1569"]
[Annotator "NA"]
[PlyCount "97"]
[EventDate "2018.11.25"]
[EventType "team-tourn"]
[EventCountry "TUR"]
[SourceTitle "playchess.com"]
[Source "ChessBase"]
[SourceQuality "1"]
[WhiteTeam "Denmark"]
[BlackTeam "Canada"]
[WhiteTeamCountry "DEN"]
[BlackTeamCountry "CAN"]

1. e4 d6 2. d4 Nf6 3. Nc3 e5 4. Nf3 exd4 5. Nxd4 Be7 6. Bc4 O-O 7. O-O Nc6 8. Re1 Ne5 9. Be2 Re8 10. h3 Bf8 11. a4 c6 12. a5 Ned7 13. Bd3 Nc5 14. Bg5 h6 15. Bh4 g5 16. Bg3 Bg7 17. Nb3 Nxb3 18. cxb3 d5 19. exd5 Nxd5 20. Nxd5 cxd5 21. Rxe8+ Qxe8 22. Bc2 Qb5 23. Bd3 Qe8 24. Qd2 Be6 25. Re1 Rc8 26. f4 Qd8 27. fxg5 hxg5 28. Be5 Qe7 29. b4 Re8 30. Bb5 Bd7 31. Bxd7 Qxd7 32. Bxg7 Rxe1+ 33. Qxe1 Kxg7 34. Qe3 f6 35. Qxa7 d4 36. a6 d3 37. Qxb7 Qxb7 38. axb7 d2 39. b8=Q d1=Q+ 40. Kh2 Qe2 41. b5 f5 42. Qc7+ Kf6 43. b6 f4 44. b7 Qf2 45. Qc3+ Kg6 46. b8=Q g4 47. Qd6+ Kg5 48. Qce5+ Kh4 49. Qh6# 1-0

[Event "World Youth U-16 Olympiad 2018"]
[Site "Konya"]
[Date "2018.12.01"]
[Round "8"]
[White "Liyanage, Ranindu Dilshan"]
[Black "Svanda, Ondrej"]
[Result "1-0"]
[WhiteElo "2100"]
[BlackElo "2241"]
[Annotator "NA"]
[PlyCount "65"]
[EventDate "2018.11.25"]
[EventType "team-tourn"]
[EventCountry "TUR"]
[SourceTitle "playchess.com"]
[Source "ChessBase"]
[SourceQuality "1"]
[WhiteTeam "Sri Lanka"]
[BlackTeam "Czech Republic"]
[WhiteTeamCountry "SRI"]
[BlackTeamCountry "CZE"]

1. e4 c5 2. Nf3 e6 3. d4 cxd4 4. Nxd4 Nf6 5. Nc3 Nc6 6. Be3 d6 7. g4 h6 8. Rg1 a6 9. Qd2 Ne5 10. Be2 g5 11. h4 gxh4 12. f4 Nc6 13. O-O-O Be7 14. Rdf1 Nd7 15. Bc4 Nb6 16. Nxc6 Nxc4 17. Qd4 bxc6 18. Qxh8+ Kd7 19. Qxd8+ Bxd8 20. Bf2 Rb8 21. b3 Na3 22. Rh1 Bf6 23. e5 dxe5 24. Bxh4 Bxh4 25. Rxh4 exf4 26. Rxf4 Ke7 27. Rxh6 Bd7 28. Rh7 Rf8 29. g5 e5 30. Rf2 Nb5 31. Nxb5 cxb5 32. g6 Be6 33. Kd2 1-0

[Event "World Youth U-16 Olympiad 2018"]
[Site "Konya"]
[Date "2018.12.01"]
[Round "8"]
[White "Navaratnam, Rohan Shan Tze"]
[Black "Gombocz, Ferenc Jr."]
[Result "1/2-1/2"]
[WhiteElo "2093"]
[BlackElo "2263"]
[Annotator "NA"]
[PlyCount "61"]
[EventDate "2018.11.25"]
[EventType "team-tourn"]
[EventCountry "TUR"]
[SourceTitle "playchess.com"]
[Source "ChessBase"]
[SourceQuality "1"]
[WhiteTeam "Malaysia"]
[BlackTeam "Hungary"]
[WhiteTeamCountry "MAS"]
[BlackTeamCountry "HUN"]

1. Nf3 d5 2. d4 Nf6 3. c4 c6 4. Qb3 dxc4 5. Qxc4 Bg4 6. Nbd2 Nbd7 7. g3 e6 8. Bg2 Be7 9. O-O O-O 10. b3 Rc8 11. Bb2 b5 12. Qc2 c5 13. Rac1 Bh5 14. Qb1 Bg6 15. Qa1 Qb6 16. a3 a5 17. a4 Rfe8 18. Rfd1 Rb8 19. e3 Rec8 20. h3 Bd3 21. Rc3 Be2 22. Re1 Bxf3 23. Bxf3 Nd5 24. Rcc1 N7f6 25. dxc5 Bxc5 26. axb5 Ne8 27. Be5 Ra8 28. Ne4 Bb4 29. Rxc8 Rxc8 30. Rc1 Rd8 31. Rd1 1/2-1/2

[Event "World Youth U-16 Olympiad 2018"]
[Site "Konya"]
[Date "2018.12.01"]
[Round "8"]
[White "Urh, Zala"]
[Black "Verbin, Valentina"]
[Result "1-0"]
[WhiteElo "2083"]
[BlackElo "1938"]
[Annotator "NA"]
[PlyCount "91"]
[EventDate "2018.11.25"]
[EventType "team-tourn"]
[EventCountry "TUR"]
[SourceTitle "playchess.com"]
[Source "ChessBase"]
[SourceQuality "1"]
[WhiteTeam "Slovenia"]
[BlackTeam "Moldova"]
[WhiteTeamCountry "SLO"]
[BlackTeamCountry "MDA"]

1. d4 Nf6 2. c4 e6 3. Nc3 Bb4 4. Qc2 O-O 5. a3 Bxc3+ 6. Qxc3 b6 7. Bg5 Bb7 8. e3 d6 9. Ne2 Nbd7 10. Qc2 c5 11. Rd1 Qe7 12. Nc3 cxd4 13. Rxd4 h6 14. Bh4 Rac8 15. f3 d5 16. Be2 dxc4 17. O-O Rfd8 18. Rxc4 Rxc4 19. Bxc4 Qc5 20. Qe2 g5 21. Bf2 Ne5 22. Bb5 a6 23. Bxa6 Bxa6 24. Qxa6 g4 25. e4 Qe7 26. Bxb6 Rd2 27. Qc8+ Kg7 28. Bc5 Qe8 29. Qxe8 Nxe8 30. f4 Nd7 31. Rf2 Rd3 32. Bb4 Nc7 33. Na4 Re3 34. Bc3+ Kf8 35. Rd2 Ke8 36. Rd4 Nb5 37. Kf2 Nxd4 38. Kxe3 Nb3 39. Bb4 Nf6 40. Nc5 Nxc5 41. Bxc5 Kd7 42. b4 Kc6 43. a4 Nd7 44. Bd4 f6 45. b5+ Kb7 46. e5 1-0

[Event "World Youth U-16 Olympiad 2018"]
[Site "Konya"]
[Date "2018.12.01"]
[Round "8"]
[White "Li, William"]
[Black "Bjerre, Jonas Buhl"]
[Result "1/2-1/2"]
[WhiteElo "2078"]
[BlackElo "2421"]
[Annotator "TA"]
[PlyCount "93"]
[EventDate "2018.11.25"]
[EventType "team-tourn"]
[EventCountry "TUR"]
[SourceTitle "playchess.com"]
[Source "ChessBase"]
[SourceQuality "1"]
[WhiteTeam "Canada"]
[BlackTeam "Denmark"]
[WhiteTeamCountry "CAN"]
[BlackTeamCountry "DEN"]

1. e4 c5 2. Nf3 d6 3. Bb5+ Nd7 4. a4 Ngf6 5. Nc3 a6 6. Be2 b6 7. d4 cxd4 8. Nxd4 Bb7 9. f3 g6 10. Be3 Bg7 11. Qd2 O-O 12. Bh6 Nc5 13. h4 e5 14. Nb3 Nxb3 15. cxb3 d5 16. Bxg7 Kxg7 17. exd5 Nxd5 18. Nxd5 Qxd5 19. Qxd5 Bxd5 20. Bc4 Bc6 21. Ke2 e4 22. Rhd1 exf3+ 23. gxf3 b5 24. axb5 axb5 25. Rxa8 Rxa8 26. Rd6 bxc4 27. Rxc6 cxb3 28. Rb6 Ra4 29. h5 g5 30. h6+ Kf8 31. Rxb3 Ra6 32. Rb5 Rxh6 33. Rxg5 Rh2+ 34. Ke3 Rxb2 35. Rh5 Kg7 36. Rh1 Rg2 37. Kf4 Kg6 38. Ra1 h5 39. Ra6+ f6 40. Ra8 Rg5 41. Rg8+ Kh6 42. Rxg5 fxg5+ 43. Kf5 h4 44. Kg4 Kg6 45. f4 gxf4 46. Kxf4 Kh5 47. Ke4 1/2-1/2

[Event "World Youth U-16 Olympiad 2018"]
[Site "Konya"]
[Date "2018.12.01"]
[Round "8"]
[White "Ferkova, Dominika"]
[Black "Kuhar, Larisa"]
[Result "0-1"]
[WhiteElo "2066"]
[BlackElo "1903"]
[Annotator "NA"]
[PlyCount "92"]
[EventDate "2018.11.25"]
[EventType "team-tourn"]
[EventCountry "TUR"]
[SourceTitle "playchess.com"]
[Source "ChessBase"]
[SourceQuality "1"]
[WhiteTeam "Slovakia"]
[BlackTeam "Slovenia"]
[WhiteTeamCountry "SVK"]
[BlackTeamCountry "SLO"]

1. d4 Nf6 2. c4 c5 3. d5 b5 4. cxb5 a6 5. bxa6 g6 6. Nc3 Bxa6 7. e4 Bxf1 8. Kxf1 d6 9. Nf3 Nbd7 10. g3 Bg7 11. Kg2 O-O 12. a4 Ra6 13. Qc2 Qa8 14. Ra3 e6 15. dxe6 fxe6 16. Re1 c4 17. Nb5 Rc8 18. Bf4 Bf8 19. Raa1 Qb7 20. Ng5 d5 21. e5 d4+ 22. Kg1 d3 23. Qd1 Nd5 24. Ne4 Qc6 25. Qg4 Nc5 26. Ned6 Rca8 27. Qf3 Qd7 28. Be3 Nb3 29. Ra3 Rxa4 30. Rxa4 Rxa4 31. Bg5 Ra5 32. Qg4 Ra4 33. h4 Bg7 34. h5 d2 35. Rd1 Bxe5 36. hxg6 hxg6 37. Bh6 Ne7 38. Qg5 Bxb2 39. Qf4 Nf5 40. Nxf5 exf5 41. Qb8+ Kh7 42. Qf8 Ra1 43. Rxa1 Bxa1 44. Bxd2 Nxd2 45. Nd6 Bg7 46. Qb8 Be5 0-1

[Event "World Youth U-16 Olympiad 2018"]
[Site "Konya"]
[Date "2018.12.01"]
[Round "8"]
[White "Golubovskis, Maksims"]
[Black "Santos, Jose Guilherme B Li"]
[Result "0-1"]
[WhiteElo "2053"]
[BlackElo "2113"]
[Annotator "NA"]
[PlyCount "104"]
[EventDate "2018.11.25"]
[EventType "team-tourn"]
[EventCountry "TUR"]
[SourceTitle "playchess.com"]
[Source "ChessBase"]
[SourceQuality "1"]
[WhiteTeam "Latvia"]
[BlackTeam "Portugal"]
[WhiteTeamCountry "LAT"]
[BlackTeamCountry "POR"]

1. e4 c5 2. Nf3 d6 3. Bb5+ Bd7 4. Bxd7+ Qxd7 5. c4 Nf6 6. Nc3 Nc6 7. d4 cxd4 8. Nxd4 e6 9. Be3 Be7 10. O-O O-O 11. Qe2 Rac8 12. Rac1 Nxd4 13. Bxd4 Qc6 14. Bxf6 Bxf6 15. b3 a6 16. Qe3 Qc7 17. Ne2 Rfd8 18. Rfd1 Qa5 19. a4 h6 20. g3 Qb4 21. Rd3 Rc6 22. Kg2 b5 23. cxb5 Rxc1 24. Nxc1 axb5 25. axb5 Qxb5 26. Ne2 Qb4 27. h4 Ra8 28. Rd1 Ra2 29. Qd3 Rb2 30. Nc1 Bc3 31. Qc4 Qb6 32. Ne2 Be5 33. Nd4 Qb7 34. Nc6 Qb6 35. Nd4 Bf6 36. Ne2 Qa5 37. Nf4 Qa2 38. Nd3 Re2 39. Re1 Rc2 40. Qa4 Qxa4 41. bxa4 Ra2 42. e5 dxe5 43. Re4 Kf8 44. Rb4 Ke7 45. Nc1 Rc2 46. Nb3 Kd6 47. Rb5 e4 48. a5 e3 49. a6 e2 50. a7 e1=Q 51. a8=Q Qxf2+ 52. Kh3 Qf1+ 0-1

[Event "World Youth U-16 Olympiad 2018"]
[Site "Konya"]
[Date "2018.12.01"]
[Round "8"]
[White "Hercog, Nusa"]
[Black "Haring, Filip"]
[Result "0-1"]
[WhiteElo "2045"]
[BlackElo "2289"]
[Annotator "NA"]
[PlyCount "124"]
[EventDate "2018.11.25"]
[EventType "team-tourn"]
[EventCountry "TUR"]
[SourceTitle "playchess.com"]
[Source "ChessBase"]
[SourceQuality "1"]
[WhiteTeam "Slovenia"]
[BlackTeam "Slovakia"]
[WhiteTeamCountry "SLO"]
[BlackTeamCountry "SVK"]

1. d4 Nf6 2. c4 g6 3. f3 d5 4. cxd5 Nxd5 5. e4 Nb6 6. Nc3 Bg7 7. Be3 O-O 8. Qd2 Nc6 9. O-O-O Qd6 10. Nb5 Qd7 11. Kb1 a6 12. Na3 Rd8 13. d5 Qe8 14. Qc1 Nb4 15. Bd4 e5 16. Be3 Qa4 17. Ne2 Bd7 18. Nc3 Qa5 19. h4 c6 20. Bxb6 Qxb6 21. Nc4 Qa7 22. dxc6 Nxc6 23. Nd5 Be6 24. Ncb6 Rab8 25. h5 Nb4 26. hxg6 hxg6 27. a3 Nxd5 28. Nxd5 b5 29. Be2 Rbc8 30. Qg5 Bxd5 31. Rxd5 Rxd5 32. exd5 e4 33. Qd2 e3 34. Qd3 Qc5 35. g4 b4 36. a4 a5 37. Rf1 Qd6 38. Qb3 Qf4 39. Rd1 Be5 40. Rf1 Rc5 41. Rd1 Bd4 42. Rc1 Rxc1+ 43. Kxc1 Qh2 44. Qd3 Be5 45. Kc2 Qf2 46. Kb3 Kg7 47. Qd1 Qh2 48. Qd3 Qf4 49. Qc4 Qf6 50. Qc2 Bd4 51. Ka2 Qe5 52. Bc4 Kf6 53. Kb3 Kg5 54. Ka2 Kh4 55. Qe2 Kg3 56. Bb3 Bxb2 57. Bc4 Qc3 58. Bb3 Qc1 59. Qd1 Qxd1 60. Bxd1 Be5 61. Kb1 Kf2 62. Kc2 e2 0-1

[Event "World Youth U-16 Olympiad 2018"]
[Site "Konya"]
[Date "2018.12.01"]
[Round "8"]
[White "Coman, Mihnea-George"]
[Black "Li, Henry"]
[Result "0-1"]
[WhiteElo "2042"]
[BlackElo "2197"]
[Annotator "NA"]
[PlyCount "102"]
[EventDate "2018.11.25"]
[EventType "team-tourn"]
[EventCountry "TUR"]
[SourceTitle "playchess.com"]
[Source "ChessBase"]
[SourceQuality "1"]
[WhiteTeam "Romania"]
[BlackTeam "Ireland"]
[WhiteTeamCountry "ROU"]
[BlackTeamCountry "IRL"]

1. e4 e5 2. Nf3 Nc6 3. d4 exd4 4. Nxd4 Bb4+ 5. c3 Be7 6. Bc4 Nf6 7. Nxc6 bxc6 8. e5 Nd5 9. Bxd5 cxd5 10. Qxd5 Ba6 11. c4 O-O 12. O-O c6 13. Qd4 f6 14. Bf4 fxe5 15. Bxe5 Rf7 16. Nc3 d5 17. b3 Qa5 18. a3 dxc4 19. b4 Qb6 20. Rad1 c5 21. Qg4 Bb7 22. b5 a6 23. a4 axb5 24. axb5 Qg6 25. Qxg6 hxg6 26. Ra1 Rd8 27. Ra4 Rf5 28. f4 Bf6 29. Bxf6 gxf6 30. Rxc4 Rd4 31. Ra4 c4 32. Ra7 Rd7 33. g3 Kf7 34. Re1 g5 35. fxg5 fxg5 36. Rf1 Rxf1+ 37. Kxf1 Bg2+ 38. Kxg2 Rxa7 39. Ne4 Ke6 40. b6 Ra2+ 41. Kf3 Rxh2 42. Ke3 Ke5 43. Nxg5 Rb2 44. g4 Rxb6 45. Kd2 Rb3 46. Nf7+ Kd4 47. g5 Rg3 48. Nd8 c3+ 49. Kc2 Rg2+ 50. Kb3 Rb2+ 51. Ka3 Rb6 0-1

[Event "World Youth U-16 Olympiad 2018"]
[Site "Konya"]
[Date "2018.12.01"]
[Round "8"]
[White "Quiroga Jaquez, Angel Ivan"]
[Black "Celik, Eylul"]
[Result "1-0"]
[WhiteElo "2038"]
[BlackElo "1950"]
[Annotator "NA"]
[PlyCount "57"]
[EventDate "2018.11.25"]
[EventType "team-tourn"]
[EventCountry "TUR"]
[SourceTitle "playchess.com"]
[Source "ChessBase"]
[SourceQuality "1"]
[WhiteTeam "Mexico"]
[BlackTeam "Turkey"]
[WhiteTeamCountry "MEX"]
[BlackTeamCountry "TUR"]

1. d4 d5 2. c4 c6 3. Nf3 e6 4. Nc3 dxc4 5. a4 Bb4 6. e3 b5 7. Bd2 a5 8. axb5 Bxc3 9. Bxc3 cxb5 10. b3 Bb7 11. bxc4 b4 12. Bb2 Nf6 13. Bd3 O-O 14. O-O Nbd7 15. Bc2 Qc7 16. Nd2 e5 17. d5 Nb6 18. Rc1 a4 19. f4 Nfd7 20. fxe5 Nxe5 21. Bxh7+ Kxh7 22. Qh5+ Kg8 23. Bxe5 Qe7 24. Bxg7 Kxg7 25. Qg4+ Kh7 26. Rf3 Qd6 27. Rh3+ Qh6 28. Qf5+ Kg7 29. Rxh6 1-0

[Event "World Youth U-16 Olympiad 2018"]
[Site "Konya"]
[Date "2018.12.01"]
[Round "8"]
[White "Malicka, Maria"]
[Black "Katopodis, Dimitrios"]
[Result "1/2-1/2"]
[WhiteElo "2013"]
[BlackElo "2296"]
[Annotator "NA"]
[PlyCount "90"]
[EventDate "2018.11.25"]
[EventType "team-tourn"]
[EventCountry "TUR"]
[SourceTitle "playchess.com"]
[Source "ChessBase"]
[SourceQuality "1"]
[WhiteTeam "Poland"]
[BlackTeam "Greece"]
[WhiteTeamCountry "POL"]
[BlackTeamCountry "GRE"]

1. e4 b6 2. d4 Bb7 3. Nc3 e6 4. Bd3 Nf6 5. Nge2 d5 6. exd5 Nxd5 7. O-O Nxc3 8. Nxc3 Be7 9. Be4 Bxe4 10. Nxe4 O-O 11. Bf4 Na6 12. c3 Qd5 13. Qe2 c5 14. dxc5 Nxc5 15. Nxc5 Bxc5 16. Rfd1 Qc6 17. Rd2 Qa4 18. Be3 Be7 19. Rd4 Qc6 20. Rad1 Bf6 21. Rd6 Qe4 22. Qd3 Qa4 23. a3 Qb3 24. Qe2 Rad8 25. g3 h6 26. Rxd8 Rxd8 27. Rxd8+ Bxd8 28. Bd4 Qd5 29. Qe5 Qxe5 30. Bxe5 f6 31. Bb8 a6 32. Kf1 Kf7 33. Ke2 b5 34. Ba7 e5 35. Kd3 f5 36. c4 Ke6 37. b3 Bc7 38. h4 g6 39. cxb5 axb5 40. a4 bxa4 41. bxa4 Kd5 42. Be3 h5 43. Bd2 Bb6 44. Be1 e4+ 45. Ke2 Kc4 1/2-1/2

[Event "World Youth U-16 Olympiad 2018"]
[Site "Konya"]
[Date "2018.12.01"]
[Round "8"]
[White "Gokcek, Kursat Bugra"]
[Black "Tezayak, Matthias"]
[Result "1/2-1/2"]
[WhiteElo "2010"]
[BlackElo "1887"]
[Annotator "NA"]
[PlyCount "139"]
[EventDate "2018.11.25"]
[EventType "team-tourn"]
[EventCountry "TUR"]
[SourceTitle "playchess.com"]
[Source "ChessBase"]
[SourceQuality "1"]
[WhiteTeam "Turkey"]
[BlackTeam "Switzerland"]
[WhiteTeamCountry "TUR"]
[BlackTeamCountry "SUI"]

1. e4 e6 2. d3 d5 3. Nd2 c5 4. Ngf3 Nc6 5. g3 Bd6 6. Bg2 Nge7 7. O-O O-O 8. Re1 Qc7 9. c3 b6 10. Qe2 f6 11. Nf1 d4 12. N3d2 e5 13. Nc4 b5 14. Na3 Rb8 15. c4 bxc4 16. Nxc4 Be6 17. Nfd2 Rb7 18. b3 a5 19. Ba3 Ra8 20. Rec1 Nb4 21. Nxd6 Qxd6 22. Nc4 Qc7 23. Nb2 Nc8 24. Na4 Rb5 25. Qd2 Nb6 26. Bf3 Rc8 27. Bd1 Qd6 28. Nb2 Rc7 29. Nc4 Nxc4 30. bxc4 Rb8 31. Bf3 Ra7 32. Bg2 Qd7 33. Rab1 Rab7 34. Rb3 Qa4 35. Rcb1 Bd7 36. Bf3 Qc6 37. Bd1 Qc7 38. R3b2 Qc6 39. f4 exf4 40. gxf4 Qe6 41. Bxb4 Rxb4 42. a3 Rxb2 43. Rxb2 Rxb2 44. Qxb2 Qh3 45. Qe2 Qh4 46. Qf2 Qh3 47. Qg3 Qxg3+ 48. hxg3 g5 49. Kf2 Kg7 50. g4 Kg6 51. Kg3 Bc6 52. Bc2 Bd7 53. Bd1 Bc6 54. Bb3 Bd7 55. Bc2 Bc6 56. Bd1 Bd7 57. Bf3 Bc6 58. Bd1 Bd7 59. Bf3 Bc6 60. Bd1 Bd7 61. Be2 Ba4 62. Bf3 Bc2 63. Be2 Ba4 64. Kf3 Bc6 65. Bd1 Bd7 66. Kg3 Be8 67. Bb3 Bd7 68. Bc2 Bc6 69. Bd1 Bd7 70. Bf3 1/2-1/2

[Event "World Youth U-16 Olympiad 2018"]
[Site "Konya"]
[Date "2018.12.01"]
[Round "8"]
[White "Koubova, Anna Marie"]
[Black "De Silva, Tenara"]
[Result "1/2-1/2"]
[WhiteElo "1999"]
[BlackElo "2041"]
[Annotator "NA"]
[PlyCount "81"]
[EventDate "2018.11.25"]
[EventType "team-tourn"]
[EventCountry "TUR"]
[SourceTitle "playchess.com"]
[Source "ChessBase"]
[SourceQuality "1"]
[WhiteTeam "Czech Republic"]
[BlackTeam "Sri Lanka"]
[WhiteTeamCountry "CZE"]
[BlackTeamCountry "SRI"]

1. d4 Nf6 2. c4 g6 3. g3 Bg7 4. Bg2 O-O 5. Nc3 c6 6. e4 d6 7. Nf3 Nbd7 8. O-O Qc7 9. h3 e5 10. Be3 Re8 11. Qc2 b6 12. Rfe1 Bb7 13. Rad1 Rac8 14. Kh2 Nf8 15. c5 dxc5 16. dxc5 Ne6 17. b4 bxc5 18. bxc5 Nd7 19. Na4 Ba6 20. Nb2 Bf8 21. Na4 Bb5 22. Rxd7 Qxd7 23. Nxe5 Qc7 24. Ng4 Bg7 25. Nc3 Rcd8 26. Nxb5 cxb5 27. f4 h5 28. Nf2 Nd4 29. Bxd4 Rxd4 30. Bf1 Red8 31. Bd3 Qc6 32. e5 Bf8 33. e6 fxe6 34. Bxb5 Qxb5 35. Qxg6+ Bg7 36. Qxe6+ Kh8 37. Re5 Bxe5 38. Qxe5+ Kg8 39. Qe6+ Kf8 40. Qf6+ Ke8 41. Qe5+ 1/2-1/2

[Event "World Youth U-16 Olympiad 2018"]
[Site "Konya"]
[Date "2018.12.01"]
[Round "8"]
[White "Hereklioglu, Sude"]
[Black "Garcia de Dios, Jose Antonio"]
[Result "1/2-1/2"]
[WhiteElo "1959"]
[BlackElo "2194"]
[Annotator "NA"]
[PlyCount "73"]
[EventDate "2018.11.25"]
[EventType "team-tourn"]
[EventCountry "TUR"]
[SourceTitle "playchess.com"]
[Source "ChessBase"]
[SourceQuality "1"]
[WhiteTeam "Turkey"]
[BlackTeam "Mexico"]
[WhiteTeamCountry "TUR"]
[BlackTeamCountry "MEX"]

1. d4 Nf6 2. c4 g6 3. Nc3 Bg7 4. e4 d6 5. Be3 e5 6. d5 O-O 7. Be2 Na6 8. g4 Nc5 9. f3 h5 10. g5 Nh7 11. Qd2 a5 12. O-O-O f6 13. h4 fxg5 14. hxg5 Rf4 15. Bxf4 exf4 16. Qxf4 a4 17. Bd3 a3 18. Nge2 axb2+ 19. Kxb2 Na4+ 20. Kb3 Nxc3 21. Nxc3 c5 22. Rb1 Bd7 23. Qc1 Qa5 24. a3 Nxg5 25. e5 Bxe5 26. Bxg6 Nxf3 27. Bxh5 Nd2+ 28. Qxd2 Qxa3+ 29. Kc2 Bf5+ 30. Kd1 Qxc3 31. Qg5+ Bg7 32. Qxf5 Qd4+ 33. Ke1 Qc3+ 34. Kd1 Qd4+ 35. Ke1 Qc3+ 36. Kd1 Qd4+ 37. Ke1 1/2-1/2

[Event "World Youth U-16 Olympiad 2018"]
[Site "Konya"]
[Date "2018.12.01"]
[Round "8"]
[White "Johannsson, Birkir Isak"]
[Black "Djerroud, Chahrazed"]
[Result "1-0"]
[WhiteElo "1956"]
[BlackElo "1370"]
[Annotator "NA"]
[PlyCount "93"]
[EventDate "2018.11.25"]
[EventType "team-tourn"]
[EventCountry "TUR"]
[SourceTitle "playchess.com"]
[Source "ChessBase"]
[SourceQuality "1"]
[WhiteTeam "Iceland"]
[BlackTeam "Algeria"]
[WhiteTeamCountry "ISL"]
[BlackTeamCountry "ALG"]

1. d4 d5 2. c4 c6 3. Nf3 Nf6 4. e3 Bf5 5. Nc3 e6 6. Nh4 Bg6 7. Nxg6 hxg6 8. g3 Nbd7 9. Qe2 Nb6 10. b3 Bb4 11. Bd2 Nbd7 12. Bg2 Qa5 13. Rc1 Qc7 14. cxd5 Bxc3 15. Bxc3 exd5 16. O-O O-O 17. b4 Rfe8 18. b5 Ne4 19. bxc6 Qxc6 20. Ba5 Qa4 21. Bc7 Rac8 22. Qb2 b6 23. Rfd1 Qa6 24. Rc2 Qb7 25. Rdc1 Nf8 26. f3 Nf6 27. Kf2 Ne6 28. Be5 Nd7 29. Bd6 Nf6 30. Bf1 Red8 31. Be5 Nd7 32. Bd6 Nf6 33. Ba3 a6 34. Bb4 Rxc2+ 35. Qxc2 b5 36. Qc6 Qa7 37. Bc5 Nxc5 38. Qxc5 Qb7 39. Qc7 Qxc7 40. Rxc7 Ra8 41. Bd3 Ne8 42. Rc5 Nf6 43. Bc2 Rd8 44. Rc6 Ra8 45. Bb3 Kf8 46. h4 Ke7 47. g4 1-0

[Event "World Youth U-16 Olympiad 2018"]
[Site "Konya"]
[Date "2018.12.01"]
[Round "8"]
[White "Modi, Yashil"]
[Black "Brahami, Lamine"]
[Result "0-1"]
[WhiteElo "1955"]
[BlackElo "2097"]
[Annotator "NA"]
[PlyCount "92"]
[EventDate "2018.11.25"]
[EventType "team-tourn"]
[EventCountry "TUR"]
[SourceTitle "playchess.com"]
[Source "ChessBase"]
[SourceQuality "1"]
[WhiteTeam "South Africa"]
[BlackTeam "Algeria"]
[WhiteTeamCountry "RSA"]
[BlackTeamCountry "ALG"]

1. d4 Nf6 2. Nf3 g6 3. g3 Bg7 4. Bg2 O-O 5. O-O c5 6. c4 d6 7. Nc3 Nc6 8. h3 cxd4 9. Nxd4 Bd7 10. Be3 h5 11. Rc1 Qc8 12. Nd5 Re8 13. Nb5 Bxh3 14. Ndc7 Bxg2 15. Kxg2 Qf5 16. Qd3 Qd7 17. Nxa8 Rxa8 18. Bd4 a6 19. Nc3 h4 20. Bxf6 Bxf6 21. Nd5 Bxb2 22. Nb6 Qd8 23. Nxa8 Bxc1 24. Rxc1 Qxa8 25. gxh4 Qc8 26. Qe4 Qc7 27. h5 Kg7 28. hxg6 fxg6 29. Rb1 Qd7 30. Rb3 Kf7 31. Rf3+ Kg7 32. Qf4 Qe8 33. Rh3 Ne5 34. Qh6+ Kf7 35. Rg3 Qc6+ 36. f3 Qxc4 37. Qh7+ Ke8 38. Qh8+ Kd7 39. Qh3+ Kc7 40. Kf2 Qxa2 41. f4 Qf7 42. Rc3+ Nc6 43. Qf3 Qf6 44. Qe3 g5 45. Kg3 gxf4+ 46. Qxf4 Qxc3+ 0-1

[Event "World Youth U-16 Olympiad 2018"]
[Site "Konya"]
[Date "2018.12.01"]
[Round "8"]
[White "Eng, Jia Qian"]
[Black "Borhy, Marcell"]
[Result "1-0"]
[WhiteElo "1942"]
[BlackElo "2198"]
[Annotator "NA"]
[PlyCount "129"]
[EventDate "2018.11.25"]
[EventType "team-tourn"]
[EventCountry "TUR"]
[SourceTitle "playchess.com"]
[Source "ChessBase"]
[SourceQuality "1"]
[WhiteTeam "Malaysia"]
[BlackTeam "Hungary"]
[WhiteTeamCountry "MAS"]
[BlackTeamCountry "HUN"]

1. Nf3 d5 2. d4 Nf6 3. c4 e6 4. g3 Be7 5. Bg2 O-O 6. O-O c6 7. Qc2 b6 8. Ne5 Bb7 9. Rd1 Nfd7 10. Nxd7 Nxd7 11. e4 dxc4 12. Qxc4 b5 13. Qe2 Qb6 14. Be3 Rad8 15. Nc3 b4 16. d5 c5 17. Na4 Qa5 18. Qc2 exd5 19. exd5 Bd6 20. b3 Qc7 21. Rac1 Rfe8 22. Bh3 Nb6 23. Bxc5 Nxd5 24. Bg2 Bxc5 25. Qxc5 Qe5 26. Qxa7 Nc3 27. Nxc3 Bxg2 28. Rxd8 Rxd8 29. Kxg2 bxc3 30. Qe3 Qxe3 31. fxe3 Rd2+ 32. Kf3 Rxa2 33. Rxc3 Kf8 34. h4 Ke7 35. Rc7+ Ke6 36. Rb7 h5 37. b4 g6 38. b5 f6 39. Rc7 Rb2 40. Rc6+ Ke5 41. b6 g5 42. hxg5 fxg5 43. g4 h4 44. Rg6 h3 45. Rxg5+ Kf6 46. Rh5 h2 47. Kg3 Rxb6 48. Rxh2 Ke5 49. Rf2 Ke4 50. g5 Kxe3 51. Rf6 Rb1 52. Kg4 Ke4 53. Re6+ Kd5 54. Re2 Rb6 55. Kf5 Rb1 56. Rd2+ Kc6 57. g6 Rg1 58. Kf6 Rf1+ 59. Kg7 Kc7 60. Kh7 Rh1+ 61. Kg8 Kc8 62. g7 Kc7 63. Rf2 Kd7 64. Kf8 Re1 65. g8=Q 1-0

[Event "World Youth U-16 Olympiad 2018"]
[Site "Konya"]
[Date "2018.12.01"]
[Round "8"]
[White "Duran, Esma Doga"]
[Black "Mejia Granados, Paulina Isabel"]
[Result "1-0"]
[WhiteElo "1908"]
[BlackElo "1839"]
[Annotator "NA"]
[PlyCount "55"]
[EventDate "2018.11.25"]
[EventType "team-tourn"]
[EventCountry "TUR"]
[SourceTitle "playchess.com"]
[Source "ChessBase"]
[SourceQuality "1"]
[WhiteTeam "Turkey"]
[BlackTeam "Mexico"]
[WhiteTeamCountry "TUR"]
[BlackTeamCountry "MEX"]

1. d4 Nf6 2. c4 c5 3. d5 b5 4. cxb5 a6 5. b6 Qxb6 6. Nc3 d6 7. e4 g6 8. Nf3 Bg7 9. Be2 O-O 10. O-O Nfd7 11. Nd2 Ne5 12. f4 c4+ 13. Kh1 Nd3 14. Nxc4 Nf2+ 15. Rxf2 Qxf2 16. Be3 Qh4 17. Nb6 Bb7 18. Nxa8 Bxa8 19. g3 Qf6 20. Qa4 e6 21. Rd1 exd5 22. Bd4 Qe7 23. Bxg7 dxe4 24. Bxf8 e3+ 25. Kg1 Qb7 26. Qe4 Qxe4 27. Nxe4 Kxf8 28. Nxd6 1-0